[Event "Challenge"]
[Site "http://www.queenalice.com/game.php?id=1789114"]
[Date "2022.5.18"]
[Round "-"]
[White "ROYANDROLL"]
[Black "IMONTELO"]
[Result "1-0"]
[WhiteElo "1547"]
[BlackElo "1741"]

1. e4 e5 2. d4 c6 3. dxe5 Qa5+ 4. c3 Qxe5 5. f3 d5 6. Bd3 Qf6 7. h4 Qg6 8. g4
Qd6 9. Ne2 g6 10. a3 Bg7 11. b4 Ne7 12. Bf4 Qd7 13. Nd2 O-O 14. Nd4 Qd8 15. h5
Nd7 16. Ne2 Nb6 17. h6 Bf6 18. g5 Bh8 19. e5 Na4 20. Qxa4 Qb6 21. Bh2 Qe3 22.
Qc2 Qxg5 23. Bg3 Bxe5 24. Bh4 Qxh6 25. O-O-O g5 26. Bf2 Bh2 27. Bg3 Qg7 28. Bxh2
h6 29. Bd6 Re8 30. Ng3 Qf6 31. Bc5 Ng6 32. Rxh6 Qe5 33. Bxg6 fxg6 34. Qxg6+ Qg7
35. Qxe8+ Qf8 36. Rg6+ Kh7 37. Rh1+ 1-0

[Event "Challenge"]
[Site "http://www.queenalice.com/game.php?id=1789353"]
[Date "2022.5.22"]
[Round "-"]
[White "IMONTELO"]
[Black "jjjcarvalho"]
[Result "0-1"]
[WhiteElo "1692"]
[BlackElo "1829"]

1. e4 c5 2. Nf3 d6 3. Qe2 Nc6 4. Qb5 a6 5. Qb3 h6 6. Bc4 e6 7. Qa3 Qc7 8. Nc3
Nf6 9. d3 Be7 10. b3 O-O 11. Qb2 b5 12. Bxb5 axb5 13. Nxb5 Qb6 14. a4 Bd7 15.
Qc3 Nd8 16. Na3 e5 17. Nc4 Qc7 18. Qd2 Bg4 19. Qe3 Nc6 20. h3 Bxf3 21. Qxf3 Nd4
22. Qd1 Rfd8 23. c3 Nc6 24. Qf3 Na5 25. Na3 Nxb3 26. Nb5 Qa5 27. Rb1 Nxc1 28.
Rxc1 Qxa4 29. Nc7 Rac8 30. Nd5 Nxd5 31. exd5 Bg5 32. Rb1 Qa2 33. O-O Rb8 34.
Rxb8 Rxb8 35. c4 Rb1 36. Rxb1 Qxb1+ 37. Kh2 g6 38. g3 f5 39. h4 Bd8 40. Kg2 Kg7
41. Qe2 Ba5 42. Qf1 Qxf1+ 43. Kxf1 Kf6 44. Ke2 e4 45. Ke3 Ke5 46. Ke2 Kd4 47. f4
exd3+ 48. Kd1 Kxc4 49. Kc1 Kxd5 50. Kb2 d2 51. Kc2 Ke4 52. Kd1 c4 53. Ke2 c3 54.
Kd1 Kd3 55. h5 c2# 0-1

[Event "Challenge"]
[Site "http://www.queenalice.com/game.php?id=1789357"]
[Date "2022.5.22"]
[Round "-"]
[White "jjjcarvalho"]
[Black "IMONTELO"]
[Result "1-0"]
[WhiteElo "1778"]
[BlackElo "1705"]

1. d4 g6 2. e4 e6 3. Nf3 Bg7 4. Nc3 c6 5. Be2 h5 6. Be3 Ne7 7. O-O Qb6 8. Rb1 d5
9. e5 O-O 10. Bd3 Na6 11. a3 Nc7 12. b4 a6 13. Na4 Qa7 14. c4 Rd8 15. c5 Rf8 16.
Nb6 Rb8 17. Ng5 f6 18. exf6 Bxf6 19. Qc2 Kg7 20. Bf4 e5 21. dxe5 Bxg5 22. Bxg5
Nf5 23. f3 Nb5 24. g4 Nfd4 25. Qg2 Nxa3 26. Rbe1 hxg4 27. Bf6+ Kf7 28. Nxc8
Rbxc8 29. fxg4 Ke6 30. Qh3 Kd7 31. g5+ Kc7 32. Qh7+ Kb8 33. e6 Nf5 34. Bxf5 gxf5
35. Rxf5 Nc2 36. Be5+ Ka8 37. Rb1 Ne3 38. Rxf8 Rxf8 39. e7 Re8 40. Qf7 Rxe7 41.
Qf8+ Qb8 42. Qxb8# 1-0

[Event "A3 ........H3"]
[Site "http://www.queenalice.com/game.php?id=1790018"]
[Date "2022.6.3"]
[Round "-"]
[White "ChessColossos"]
[Black "IMONTELO"]
[Result "0-1"]
[WhiteElo "2065"]
[BlackElo "1711"]

1. a3 g6 2. b3 Bg7 3. c3 Nf6 4. d3 Nc6 5. a4 b6 6. Nf3 Bb7 7. e4 d6 8. g3 Nd7 9.
Bg2 Nb4 10. O-O Nc6 11. d4 e5 12. d5 Ne7 13. a5 b5 14. a6 Bxd5 15. exd5 O-O 16.
Ra2 Nb6 17. Ne1 Qd7 18. Nc2 f5 19. Nb4 e4 20. f3 exf3 21. Qxf3 Qe8 22. Na3 h5
23. Bg5 Bf6 24. Bxf6 Rxf6 25. Re2 Qf7 26. Nxb5 f4 27. Nxc7 Rc8 28. Nb5 Ra8 29.
Nc6 Nec8 30. Rfe1 fxg3 31. Qxg3 Nxd5 32. c4 Nf4 33. Qxf4 Rxf4 34. Bd5 Rg4+ 35.
Kh1 Qxd5+ 36. cxd5 Nb6 37. Re8+ Rxe8 38. Rxe8+ Kf7 39. Re7+ Kf8 40. Nbxa7 Nxd5
41. Re1 Nc7 42. Nb8 Rb4 43. Nac6 Rxb3 44. Ra1 Rb6 45. a7 Kg7 46. a8=Q Nxa8 47.
Rxa8 h4 48. Ra6 Rb1+ 0-1

[Event "H6..........A6"]
[Site "http://www.queenalice.com/game.php?id=1790019"]
[Date "2022.6.3"]
[Round "-"]
[White "IMONTELO"]
[Black "ChessColossos"]
[Result "1-0"]
[WhiteElo "1681"]
[BlackElo "2210"]

1. e4 h6 2. Nc3 a6 3. g3 b6 4. Bg2 a5 5. b3 e6 6. Nf3 Bb7 7. d3 Bb4 8. Bb2 Bxc3+
9. Bxc3 Nf6 10. O-O d5 11. e5 Ng8 12. d4 c5 13. a4 Nc6 14. Qd2 Nge7 15. Qf4 Nf5
16. Qg4 Ba6 17. Rfe1 Nb4 18. Bxb4 cxb4 19. Qh5 Rc8 20. Rac1 Rc3 21. Ng5 Qxg5 22.
Qxg5 hxg5 23. Bf1 Bxf1 24. Rxf1 Nxd4 25. Rfe1 Nf3+ 26. Kf1 Nxe1 27. Kxe1 Rxh2
28. Kf1 Rh1+ 29. Ke2 Rxc1 30. Kd2 R1xc2+ 31. Kd1 Rxf2 32. Ke1 Rff3 33. Ke2 Rxg3
34. Kf2 Rxb3 35. Ke2 Rb2+ 36. Kf1 Rgg2 37. Ke1 1-0

[Event "Challenge"]
[Site "http://www.queenalice.com/game.php?id=1792798"]
[Date "2022.7.19"]
[Round "-"]
[White "IMONTELO"]
[Black "jjjcarvalho"]
[Result "1-0"]
[WhiteElo "1731"]
[BlackElo "1876"]

1. e4 e5 2. Qf3 Nf6 3. Qg3 d6 4. Qd3 Nc6 5. f3 Be7 6. g4 h6 7. Qb3 Rb8 8. Bc4
Rf8 9. Bb5 Bd7 10. Bxc6 Bxc6 11. Qe3 b6 12. Nc3 a5 13. b3 g5 14. Bb2 Qd7 15.
O-O-O Ra8 16. a4 Qc8 17. d3 Qb7 18. Nge2 Bd7 19. h4 Rg8 20. hxg5 hxg5 21. Ng3
Be6 22. Nb5 Qc6 23. c4 Nd7 24. Rh5 Nc5 25. Kc2 Qb7 26. d4 exd4 27. Nxd4 Bd7 28.
Ndf5 Bxf5 29. exf5 c6 30. f6 Ne6 31. fxe7 Ng7 32. Qxg5 Ra7 33. Rhh1 d5 34. Bxg7
b5 35. cxd5 cxd5 36. Rxd5 Ra8 37. Rd8+ 1-0

[Event "Challenge"]
[Site "http://www.queenalice.com/game.php?id=1794522"]
[Date "2022.8.17"]
[Round "-"]
[White "pj"]
[Black "IMONTELO"]
[Result "1-0"]
[WhiteElo "1599"]
[BlackElo "1753"]

1. e4 e5 2. g4 Nf6 3. f3 c6 4. c4 Bc5 5. a3 Qb6 6. b4 Bf2+ 7. Ke2 Bxg1 8. c5 Qc7
9. Rxg1 b6 10. d4 d6 11. g5 Nh5 12. dxe5 dxc5 13. bxc5 Qxe5 14. Ra2 Qxh2+ 15.
Rg2 Qe5 16. cxb6 Qb5+ 17. Ke1 Qxb1 18. Rab2 Qa1 19. Qc2 Qxa3 20. b7 Bxb7 21.
Rxb7 Qxf3 22. Rf2 Qg3 23. Qc5 Kd8 24. Be2 Qg1+ 25. Rf1 Qxc5 26. Bb2 Qxg5 27. Rf5
Qh4+ 28. Kd2 Ng3 29. Rfxf7 Qxe4 30. Bd3 Qg2+ 31. Ke3 c5 32. Rxg7 c4 33. Bf6+ Ke8
34. Rbe7+ Kd8 35. Rxa7+ Kc8 36. Rac7# 1-0

[Event "Challenge"]
[Site "http://www.queenalice.com/game.php?id=1794523"]
[Date "2022.8.17"]
[Round "-"]
[White "IMONTELO"]
[Black "pj"]
[Result "1-0"]
[WhiteElo "1741"]
[BlackElo "1631"]

1. e4 e5 2. Qf3 f6 3. Qb3 c5 4. Bc4 Nh6 5. d3 g5 6. h4 gxh4 7. Bxh6 Bxh6 8. Rxh4
Bg5 9. Rh1 a6 10. Bf7+ Kf8 11. Bh5 Qe7 12. Nc3 b5 13. Nd5 Qd6 14. f4 exf4 15.
Nxf4 Qe7 16. Nd5 Qd6 17. Nb6 Qg3+ 18. Kf1 Qf4+ 19. Nf3 Bb7 20. Qf7# 1-0

[Event "Challenge"]
[Site "http://www.queenalice.com/game.php?id=1799599"]
[Date "2022.11.9"]
[Round "-"]
[White "pj"]
[Black "IMONTELO"]
[Result "0-1"]
[WhiteElo "1628"]
[BlackElo "1764"]

1. e4 e5 2. c4 Nf6 3. f3 c6 4. h4 Qb6 5. h5 Bc5 6. Nh3 d6 7. g4 Be6 8. b3 O-O 9.
d3 Bd4 10. Qd2 Bxa1 11. Bb2 Bxb2 12. Qxb2 Na6 13. Nf2 Nb4 14. g5 Qa5 15. Kd1
Nxa2 16. gxf6 g6 17. hxg6 fxg6 18. Ng4 Bxg4 19. fxg4 Rxf6 20. Bh3 Nb4 21. Qc3
Rf3 22. Bf1 Raf8 23. Nd2 Rg3 24. Be2 Qa2 25. Kc1 Qa5 26. d4 Na2+ 27. Kd1 Qxc3
0-1

[Event "Challenge"]
[Site "http://www.queenalice.com/game.php?id=1799600"]
[Date "2022.11.9"]
[Round "-"]
[White "IMONTELO"]
[Black "pj"]
[Result "1-0"]
[WhiteElo "1753"]
[BlackElo "1639"]

1. e4 e5 2. Qf3 f6 3. Qb3 Nh6 4. Bc4 Qe7 5. Nc3 c6 6. d3 g5 7. Be3 c5 8. Nd5 Qd6
9. Qa3 b6 10. h4 Ng4 11. hxg5 Nxe3 12. Nxe3 fxg5 13. Nf5 Qf6 14. Bd5 c4 15. Qc3
Nc6 16. Qxc4 Bb7 17. Qb3 Rb8 18. Qa4 a5 19. Qb5 Bc5 20. Qb3 Nd4 21. Nxd4 Bxd4
22. f3 g4 23. O-O-O Qf4+ 24. Kb1 gxf3 25. Nxf3 Qg3 26. Rhg1 Bxg1 27. Rxg1 1-0

[Event "Challenge"]
[Site "http://www.queenalice.com/game.php?id=1807271"]
[Date "2023.3.5"]
[Round "-"]
[White "LYUSS"]
[Black "IMONTELO"]
[Result "1-0"]
[WhiteElo "1750"]
[BlackElo "1775"]

1. e4 e5 2. Nc3 c6 3. d4 Bb4 4. dxe5 Bxc3+ 5. bxc3 Qa5 6. Bd2 Qxe5 7. Bd3 d5 8.
Nf3 Qe6 9. Nd4 Qg6 10. Qe2 Qxg2 11. exd5+ Kd8 12. Be4 Qh3 13. dxc6 bxc6 14.
Nxc6+ Nxc6 15. Bxc6 Rb8 16. Qe8+ Kc7 17. Bf4+ Kb6 18. Rb1+ Kc5 19. Qe5+ Kxc6 20.
Qd6# 1-0

[Event "Challenge"]
[Site "http://www.queenalice.com/game.php?id=1825013"]
[Date "2023.11.11"]
[Round "-"]
[White "IMONTELO"]
[Black "Bomboche"]
[Result "1-0"]
[WhiteElo "1742"]
[BlackElo "1233"]

1. e4 e5 2. Qh5 Nc6 3. Bb5 Nf6 4. Qf3 Na5 5. Qc3 Nxe4 6. Qxe5+ Qe7 7. Qxe7+ Bxe7
8. Nf3 c6 9. Bf1 Bb4 10. g3 Bc5 11. d4 Bb4+ 12. c3 Bd6 13. b4 O-O 14. bxa5 Re8
15. Be3 c5 16. Bg2 b5 17. axb6 axb6 18. O-O h6 19. Ne5 Ba6 20. Rd1 Re7 21. Bxe4
g5 22. Bxa8 Be2 23. Rd2 Bb5 24. Ng4 Kg7 25. dxc5 Bc7 26. cxb6 Bb8 27. a4 Bc6 28.
Bxc6 dxc6 29. a5 Re4 30. Bd4+ Kh7 31. Nf6+ Kg6 32. Nxe4 f5 33. Nf6 f4 34. Nd7
fxg3 35. hxg3 Bd6 36. Re2 h5 37. Re6+ Kf5 38. Rf6+ Ke4 39. Rxd6 h4 40. Nd2+ Kf5
41. Re1 Kg4 42. Re4+ Kh5 43. g4# 1-0

[Event "Challenge"]
[Site "http://www.queenalice.com/game.php?id=1825842"]
[Date "2023.11.24"]
[Round "-"]
[White "Renie"]
[Black "IMONTELO"]
[Result "0-1"]
[WhiteElo "1481"]
[BlackElo "1714"]

1. c4 e5 2. Nc3 g6 3. Nf3 Bg7 4. b3 e4 5. Ng1 Nf6 6. d3 d6 7. d4 b6 8. d5 Ng4 9.
Bb2 e3 10. fxe3 Nxe3 11. Qd2 Qg5 12. g3 Bf5 13. Nf3 Qh6 14. Rc1 Nd7 15. Ba3 Ng4
16. Qxh6 Nxh6 17. Nb5 O-O 18. Nxc7 Rac8 19. Bxd6 Rfd8 20. Nb5 a5 21. Bg2 Ng4 22.
O-O Ne3 23. Rfe1 Nxg2 24. Kxg2 Be4 25. Kf2 Bh6 26. Rcd1 Nf6 27. h3 Re8 28. Ba3
Rcd8 29. Bb2 Nd7 30. Nd6 Re7 31. Nd4 Nb8 32. Ba3 Re5 33. c5 bxc5 34. N4b5 Bxd5
35. Bxc5 Bc6 36. Bd4 Rd5 37. a4 Bxb5 38. Nxb5 Nc6 39. e3 Rf5+ 40. Kg2 Nb4 41. e4
Rh5 42. e5 Nc2 43. Re4 Bg7 44. Nd6 Nxd4 45. Rdxd4 Bxe5 46. Rc4 Rxd6 47. Rc8+ Kg7
48. Re8 Rd2+ 49. Kf3 Rd3+ 50. Ke2 Rxb3 51. R4xe5 Rxh3 52. Re3 Rb2+ 53. Kd3 Rb4
54. R8e5 Rxa4 55. Rb5 Ra1 56. Rb8 a4 57. Ree8 Rxg3+ 58. Kc4 a3 59. Kd5 Rd1+ 60.
Kc4 a2 61. Rg8+ Kh6 62. Rb2 a1=Q 63. Rh2+ Kg5 64. Rxh7 Qc3+ 0-1

[Event "Challenge"]
[Site "http://www.queenalice.com/game.php?id=1826880"]
[Date "2023.12.10"]
[Round "-"]
[White "Bomboche"]
[Black "IMONTELO"]
[Result "1-0"]
[WhiteElo "1202"]
[BlackElo "1744"]

1. e4 e5 2. Nf3 Qf6 3. d4 exd4 4. Bc4 Qd6 5. Ng5 Qb4+ 6. Nd2 Qc5 7. Bxf7+ Ke7 8.
f4 h6 9. Qh5 Nf6 10. c3 Nxh5 11. Nb3 Qd6 12. e5 Qc6 13. Nxd4 Qxg2 14. Nf5+ Kd8
15. Rf1 hxg5 16. fxg5 Qxh2 17. g6 Ng3 18. Bg5+ Be7 19. Bxe7# 1-0

[Event "Challenge"]
[Site "http://www.queenalice.com/game.php?id=1827795"]
[Date "2023.12.22"]
[Round "-"]
[White "IMONTELO"]
[Black "Bomboche"]
[Result "1-0"]
[WhiteElo "1721"]
[BlackElo "1219"]

1. e4 e5 2. Qf3 Nc6 3. Bc4 Nf6 4. Nh3 Nd4 5. Qc3 Nxe4 6. Qd3 Nd6 7. c3 Nc6 8. b3
Qh4 9. Na3 e4 10. Qd5 Na5 11. Qxa5 b6 12. Qd5 Qf4 13. Nxf4 c6 14. Qe5+ Kd8 15.
Nh3 b5 16. Be2 Ba6 17. Nc2 f6 18. Qg3 Nf5 19. Qf4 g6 20. Nd4 Bd6 21. Qxe4 Re8
22. Qf3 b4 23. O-O Nh4 24. Qxf6+ Kc7 25. Qxh4 Bxe2 26. Nxe2 Rxe2 27. Qc4 Re5 28.
cxb4 Rb8 29. Qd4 c5 30. bxc5 Rxc5 31. Qa4 a5 32. Ba3 Rc2 33. Bxd6+ Kxd6 34. Qf4+
Ke7 35. Rfe1+ Kd8 36. Qxb8+ Rc8 37. Qb6+ Rc7 38. Rac1 h6 39. Qxc7# 1-0

[Event "Challenge"]
[Site "http://www.queenalice.com/game.php?id=1827796"]
[Date "2023.12.22"]
[Round "-"]
[White "Bomboche"]
[Black "IMONTELO"]
[Result "0-1"]
[WhiteElo "1236"]
[BlackElo "1723"]

1. e4 e5 2. Nc3 Qf6 3. Bb5 Bc5 4. Nf3 c6 5. O-O cxb5 6. Nd5 Qd6 7. c3 h5 8. b4
Bb6 9. a4 bxa4 10. Bb2 Nf6 11. Rxa4 Nxe4 12. c4 Bxf2+ 13. Kh1 b5 14. cxb5 Qxd5
15. Nxe5 Bb6 16. Qf3 f6 17. Ng6 Rh6 18. Nf4 Qf5 19. Qe2 Kd8 20. d3 Qxb5 21. Qxe4
Qxa4 22. Nd5 Nc6 23. Qh4 Qb3 24. Qe4 Qxb2 25. Re1 Rh8 26. Qg6 Qd2 27. Qg3 Re8
28. h4 Rxe1+ 29. Kh2 Qa2 30. Qxg7 Qxd5 31. Qxf6+ Kc7 32. Qf4+ Kb7 33. Qd2 Qe5+
34. Kh3 d6+ 35. g4 Rh1+ 36. Kg2 Rh2+ 37. Kf1 Qa1+ 38. Qe1 Rh1+ 39. Ke2 Qxe1+ 40.
Kf3 Rf1+ 41. Kg2 Qf2+ 42. Kh3 Rh1# 0-1

[Event "Challenge"]
[Site "http://www.queenalice.com/game.php?id=1830949"]
[Date "2024.2.6"]
[Round "-"]
[White "IMONTELO"]
[Black "TammieM3ENF"]
[Result "1-0"]
[WhiteElo "1745"]
[BlackElo "1109"]

1. e4 e5 2. Qf3 Nf6 3. Nh3 Nc6 4. Bc4 g6 5. Ng5 h6 6. Nxf7 Qe7 7. Nxh8 d6 8.
Nxg6 Qg7 9. Nxf8 Qxf8 10. Nc3 b5 11. Bxb5 h5 12. Bxc6+ Kd8 13. Bxa8 c5 14. Nd5
Qe8 15. Qxf6+ Kd7 16. Qg7+ Kd8 17. Nf6 Qe6 18. Bd5 Qe7 19. Qh8+ Kc7 20. Nxh5 c4
21. Bxc4 a5 22. O-O a4 23. Re1 a3 24. bxa3 Bb7 25. Rb1 Bc6 26. Re3 d5 27. exd5
Bd7 28. Rxe5 Kd6 29. Ng3 Qxe5 30. Rb6+ Ke7 31. Qxe5+ Kd8 32. Rb8+ Bc8 33. Qd6+
Ke8 34. Rxc8+ 1-0

[Event "Challenge"]
[Site "http://www.queenalice.com/game.php?id=1831986"]
[Date "2024.2.21"]
[Round "-"]
[White "AdilsonGomes"]
[Black "IMONTELO"]
[Result "0-1"]
[WhiteElo "1732"]
[BlackElo "1747"]

1. e4 e5 2. Nf3 Nf6 3. Nc3 Nc6 4. Bc4 g6 5. Ng5 d5 6. Nxd5 Na5 7. Qe2 Nxd5 8.
Nxf7 Kxf7 9. Bxd5+ Be6 10. Qf3+ Ke7 11. Qa3+ Kf7 12. Bxe6+ Kf6 13. Qxa5 Kxe6 14.
O-O Qh4 15. Qd5+ Kf6 16. d4 Bd6 17. g3 Qg4 18. f3 Qe6 19. Bg5+ Kf7 20. Qxe6+
Kxe6 21. d5+ Kf7 22. f4 Rhe8 23. f5 Be7 24. f6 Bc5+ 25. Kg2 Red8 26. Rf3 Rd6 27.
g4 Rb6 28. b3 Rb4 29. c3 Rxe4 30. Kh3 Re2 31. a4 Bd6 32. Raf1 e4 33. R3f2 Rxf2
34. Rxf2 Re8 35. Be3 b6 36. Kh4 Re5 37. c4 Bb4 38. Rf1 h5 39. Bf4 Re8 40. gxh5
gxh5 41. Bg5 e3 42. Kxh5 Rh8+ 43. Kg4 e2 44. Rh1 e1=Q 45. Rxe1 Bxe1 46. h3 Re8
47. Kf3 Kg6 48. h4 Bc3 0-1

[Event "Challenge"]
[Site "http://www.queenalice.com/game.php?id=1831987"]
[Date "2024.2.21"]
[Round "-"]
[White "IMONTELO"]
[Black "AdilsonGomes"]
[Result "1-0"]
[WhiteElo "1727"]
[BlackElo "1767"]

1. e4 d6 2. Qf3 Nf6 3. Nc3 c6 4. g3 Bg4 5. Qd3 Nbd7 6. f3 Ne5 7. Qe2 Be6 8. f4
Bg4 9. Qf2 Ned7 10. Bg2 e5 11. f5 Nb6 12. b3 d5 13. exd5 Nbxd5 14. Bb2 b5 15. h3
Bh5 16. g4 Bxg4 17. hxg4 Nxg4 18. Qg3 h5 19. Bf3 h4 20. Qxg4 a5 21. Qg2 Nf4 22.
Qg4 Qd7 23. Nxb5 Bb4 24. O-O-O Rb8 25. Qxg7 Rf8 26. Qxe5+ Be7 27. Qxb8+ 1-0